تحميل...

ചിലമ്പ് /

التفاصيل البيبلوغرافية
المؤلف الرئيسي: ബാലചന്ദ്രൻ, എൻ. ടി
مؤلفون آخرون: Balachandran, N.T
التنسيق: Printed Book
منشور في: Kottayam: D.C.Books, 2004.
الموضوعات:
LEADER 00550cam a2200157ua 4500
020 |a 81-264-0801-4 
082 |a M894.812 371  |b BAL/C 
100 0 |a ബാലചന്ദ്രൻ, എൻ. ടി.  
245 1 0 |a ചിലമ്പ് /  
260 |a Kottayam:  |b D.C.Books,  |c 2004. 
300 |a 101p. 
650 0 |a Chilambu   |a Malayalam- novel 
700 |a Balachandran, N.T. 
942 |c BK 
999 |c 10354  |d 10354 
952 |0 0  |1 0  |4 0  |6 M_894_812000000000000_371_BAL  |7 0  |9 10806  |a KUCL  |b KUCL  |d 2014-05-23  |l 1  |o M894.812 371 BAL/  |p 12218  |r 2016-04-06  |s 2016-03-03  |w 2014-05-23  |y BK